000 01632nam0a2200349 4500
001 RU\NLR\bibl\143651
005 20250618045428.0
010 _a5-88444-009-Х
_95000
021 _aRU
_b2000-38217
_91761
035 _a(NLR Aleph) 000140729
090 _a805519
_c805519
100 _a20010328d2000 |||y0rusy50 ca
101 0 _arus
102 _aRU
105 _aa |||||||||
200 1 _aBMW. Серия 3
_eВып. 1983-90
_eРук. по ремонту. Инструкция по эксплуатации
210 _aМ.
_cАссоц. независимых изд.
_cЛАРГЭС
_d2000
215 _a231 с.
_cил.
_d28
225 1 _aСерия "Авторемонт"
225 1 _aАтласы автомобилей
300 _aВ вып. дан. загл.: Автомобили "BMW 3 серии"
517 0 _aАвтомобили "BMW 3 серии"
606 0 _aАвтомобили BMW
_jРуководства, пособия и т.п.
_xРемонт
_91384838
_3RU\NLR\auth\66581585
606 0 _aBMW, легковые автомобили
_jРуководства, пособия и т.п.
_xРемонт
_92100630
_3RU\NLR\auth\661270476
606 0 _aBMW, легковые автомобили
_jРуководства, пособия и т.п.
_xЭксплуатация
_92188956
_3RU\NLR\auth\661315937
606 0 _aАвтомобили BMW
_jРуководства, пособия и т.п.
_xЭксплуатация
_92188954
_3RU\NLR\auth\661315936
686 _aО335.52-08я7"BMW"
801 0 _aRU
_bNLR
_c20010328
_gPSBO
801 1 _aRU
_bNLR
_c20010328
942 _cBOOK
980 _aNB